Brawl Stars: Carl Skins by Picture - Statistics

General Stats
  • This quiz has been taken 55 times
    18 since last reset
  • The average score is 10 of 13
Answer Stats
Picture Answer % Correct
Goblin Carl
100%
Biker Carl
92%
Hog Rider Carl
92%
Captain Carl
85%
Insector Carl
77%
Sultan Carl
77%
Surfer Carl
77%
True Gold Carl
77%
True Silver Carl
77%
Dark Tide Carl
69%
Leonard Carl
69%
Crazy Clown Carl
62%
Road Rage Carl
62%
No matching quizzes found
Score Distribution
Percent of People with Each Score
Percentile by Number Answered
Your Score History
You have not taken this quiz since the last reset